000 00608nam a2200169 a 4500
008 120416s1993 ||||||||||||||||| || u
020 _a1560521961
050 _aHF 5549.5.R3 Mad
100 _aMaddux, Robert B
245 1 0 _aEffective performance appraisals. (3rd ed.)
250 _a3rd ed.
260 _aMenlo Park [Cal.]
_bCRISP Publications
_c1993
350 _a0.00
650 _aEMPLOYEE-- RATING OF
650 0 _aPERSONNEL MANAGEMENT
995 _D0.00
_FCBU-MAIN LIBRARY (Kitwe)
_H1
_I12.95
_M1
_UAVAILABLE
_ZMain Library Open Access Collection
999 _c41287
_d41287